Statistics for Cities with the Highest Buildings

Click here to take the quiz!

General Stats

  • This quiz has been taken 68 times
  • The average score is 15 of 20

Answer Stats

CountryHeightCItyBuilding% Correct
United Arab Emirates828 mDubaiBurj Khalifa
100%
United States541.3 mNew York CItyOne World Trade Center
98%
China528 mBeijingChina Zun
97%
China632 mShanghaiShanghai Tower
95%
Taiwan508 mTaipeiTaipei 101
94%
United States442.1 mChicagoWillis Tower
91%
South Korea554.5 mSeoulLotte World Tower
91%
Russia462 mSt. PetersburgLakhta Center
91%
China484 mHong KongInternational Commerce Centre
89%
Kuwait413 mKuwait CityAl Hamra Tower
89%
Malaysia451.9 mKuala LumpurPetronas Towers
86%
Saudi Arabia601 mMeccaAbraj Al-Bait Clock Tower
86%
China530 mGuangzhouGuangzhou CTF Finance Centre
85%
Vietnam461.2 mHo Chi Minh CityLandmark 81
85%
China438 mWuhanWuhan Center
59%
China599 mShenzhenPing An Finance Centre
58%
China530 mTianjinTianjin CTF Finance Centre
52%
China450 mNanjingZifeng Tower
41%
China450 mSuzhouSuzhou IFS
20%
China452.1 mChangshaChangsha IFS Tower T1
18%

Score Distribution

Percentile by Number Answered

Percent of People with Each Score

Your Score History

You have not taken this quiz